书目信息 |
| 题名: |
覆盖
|
|
| 作者: | 单〓 著 | |
| 分册: | ||
| 出版信息: | 上海 上海教育出版社 1983 |
|
| 页数: | 113页 | |
| 开本: | 19cm | |
| 丛书名: | ||
| 单 册: | ||
| 中图分类: | O123.3 , G633.6 | |
| 科图分类: | ||
| 主题词: | 初等几何 , 教育--各级 | |
| 电子资源: | ||
| ISBN: | ||
| 000 | 00647nam0 2200265 45 | |
| 001 | 0183012155 | |
| 005 | 20030107043124.2 | |
| 010 | @dCNY0.32 | |
| 091 | @a7150.2937 | |
| 100 | @a19950608d1983 demy0chiy0121 ea | |
| 101 | 0 | @achi |
| 102 | @aCN@b310000 | |
| 105 | @ay z 000yy | |
| 106 | @ar | |
| 200 | 10 | @a覆盖@Afu gai@f单〓著 |
| 210 | @a上海@c上海教育出版社@d1983 | |
| 215 | @a113页@d19cm | |
| 606 | @a初等几何 | |
| 606 | 0 | @a教育@x各级 |
| 690 | @aO123.3@v3 | |
| 690 | @aG633.6 | |
| 701 | 0 | @a单〓@Ashan〓@4著 |
| 801 | 0 | @aCN@b上海图书馆@c20030107 |
| 801 | 2 | @aCN@bNLC@c20030107 |
| 905 | @f3@b232346-348@f1@b232350@dG633.6@e180 | |
| 覆盖/单〓著.-上海:上海教育出版社,1983 |
| 113页;19cm |
| ISBN :CNY0.32 |
| ● |
| 相关链接 |
|
|
|
|
正题名:覆盖
索取号:G633.6/180
 
预约/预借
| 序号 | 登录号 | 条形码 | 馆藏地/架位号 | 状态 | 备注 |
| 1 | 0232346 | 000242062 | 密集书库/ [索取号:G633.6/180] | 在馆 | |
| 2 | 0232347 | 000242071 | 密集书库/ [索取号:G633.6/180] | 在馆 | |
| 3 | 0232348 | 000242080 | 密集书库/ [索取号:G633.6/180] | 在馆 | |
| 4 | 0232349 | 000242026 | 第一样本阅览室/ [索取号:G633.6/180] | 在馆 | |
| 5 | 0232350 | 000242017 | 密集书库/ [索取号:G633.6/180] | 在馆 |